Energy efficiency in buildings (Record no. 109548)
[ view plain ]
| 000 -LEADER | |
|---|---|
| fixed length control field | 01342cab a22002295a 4500 |
| 001 - CONTROL NUMBER | |
| control field | E147418 |
| 008 - FIXED-LENGTH DATA ELEMENTS--GENERAL INFORMATION | |
| fixed length control field | 090511s2009 xxu f 000 0 eng d |
| 035 ## - SYSTEM CONTROL NUMBER | |
| System control number | (Sirsi) u147418 |
| 041 0# - LANGUAGE CODE | |
| Language code of text/sound track or separate title | eng |
| 050 04 - LIBRARY OF CONGRESS CALL NUMBER | |
| Classification number | 333.72 $2 18 |
| 100 1# - MAIN ENTRY--PERSONAL NAME | |
| Personal name | Houser, Trevor |
| 245 00 - TITLE STATEMENT | |
| Title | Energy efficiency in buildings |
| Remainder of title | a global economic perpective |
| Medium | [electronic resource] |
| 260 ## - PUBLICATION, DISTRIBUTION, ETC. | |
| Place of publication, distribution, etc. | Washington, DC |
| Name of publisher, distributor, etc. | Peterson Institute for International Economics |
| Date of publication, distribution, etc. | 2009 |
| 490 #0 - SERIES STATEMENT | |
| Series statement | Peterson Institute for International Economics Policy Brief |
| Volume/sequential designation | PB09-8 |
| 520 ## - SUMMARY, ETC. | |
| Summary, etc. | Presents initial findings from an upcoming Peterson Institute for International Economics study on the economics of building efficiency. The study uses the model developed by the World Business Council for Sustainable Development as part of their Energy Efficiency in Buildings project to assess the costs involved in altering the global building stock to achieve the target of a 50% reduction in emissions set by the G8. The report also examines the policy options available to bring about this change. |
| 521 ## - TARGET AUDIENCE NOTE | |
| Target audience note | Advanced |
| 590 ## - LOCAL NOTE (RLIN) | |
| Local note | KA |
| 651 #4 - SUBJECT ADDED ENTRY--GEOGRAPHIC NAME | |
| Geographic name | International |
| 690 ## - LOCAL SUBJECT ADDED ENTRY--TOPICAL TERM (OCLC, RLIN) | |
| Topical term or geographic name as entry element | ENVIRONMENTAL AND LAND CONSULTANCY-ENERGY-ENERGY USE-ENERGY EFFICIENCY |
| 856 40 - ELECTRONIC LOCATION AND ACCESS | |
| Uniform Resource Identifier | <a href="https://www.iie.com/publications/interstitial.cfm?ResearchID=1198">https://www.iie.com/publications/interstitial.cfm?ResearchID=1198</a> |
| Public note | View the report free of charge at www.iie.com... |
| 942 ## - ADDED ENTRY ELEMENTS (KOHA) | |
| Suppress in OPAC | 0 |
| Withdrawn status | Lost status | Source of classification or shelving scheme | Damaged status | Not for loan | Home library | Current library | Shelving location | Date acquired | Total Checkouts | Full call number | Barcode | Date last seen | Copy number | Price effective from | Koha item type |
|---|---|---|---|---|---|---|---|---|---|---|---|---|---|---|---|
| Dewey Decimal Classification | Virtual | Virtual | Online | 11/05/2009 | ONLINE PUBLICATION | 147418-2001 | 06/08/2019 | 1 | 06/08/2019 | Book |